000 00438nam a2200205Ia 4500
001 12060
003 GE_BSU
008 181216s||||||||xx |||||||||||||| ||und||
020 _a9780552159814
040 _cGE_BSU
080 _a821.111-312.4
100 _aBolton,S.J.
245 _aNow you see me
260 _aLondon
260 _bCorgi Books.
260 _c2011.
300 _a509p;20cm.
653 _aNow you see me
942 _cBK
999 _c45237
_d45237